Statystyki dla F1 wszystkie grand prix 2020

Kliknij tutaj aby rozwiązać quiz!

Ogólne statystyki

  • Ten quiz został rozwiązany 179 razy
  • Średni wynik to 19 z 22

Statystyki odpowiedzi

KolejnośćGrand Prix% Poprawnych
6Hiszpania
95%
1Australia
94%
19Stany Zjednoczone
94%
15Włochy
93%
11Austria
92%
12Wielka Brytania
92%
10Francja
90%
21Brazylia
89%
7Monako
89%
22Abu Zabi
88%
14Belgia
87%
20Meksyk
87%
2Bahrajn
85%
13Węgry
85%
9Kanada
84%
5Holandia
82%
18Japonia
82%
17Rosja
82%
4Chiny
81%
16Singapur
75%
8Azerbejdżan
73%
3Wietnam
52%

Rozkład punktacji

Percentyl według liczby udzielonych odpowiedzi

Procent ludzi z każdym wynikiem

Twoja historia wyników

Nie rozwiązałeś tego quizu